000 00453nam a2200157 i 4500
001 91087
003 ES-MaACL
007 t|
008 050127s1984 sp ||||1| spa d
100 1 _aLeón Villaverde, Encarnación.
_971653
245 1 0 _aEste caudal de mis palabras mudas /
_cEncarna León.
250 _a[1ª ed.].
260 _aMadrid :
_bTorremozas,
_c1984.
300 _a102 p. :
_bretr. aut. ;
_c17 cm.
852 _aES-MaACL
_jL-5974
_bR.106333
999 _c91087
_d91087